1688 1662 1808 1167 1025 1255 1802 1367 1356 1567 1824 1904 1053 1188 1001 1693 1555 1155 1868 1972 1646 1413 1168 1167 1456 1776 1274 1565 1672 1667 1167 1363 1715 1085 1841 1474 1283 1934 1668 1977 1834 1403 1433 1436 1721 1778 1463 1611 1659 1760 1753 1986 1120 1488 1019 1912 1217 1962 1282 1755 1501 1892 1673 1142 1198 1832 1135 1987 1737 1044 1939 1609 1270 1805 1969 1555 1091 1435 1949 1097 1479 1097 1746 1872 1559 1238 1872 1653 1417 1695 1017 1856 1697 1875 1868 1793 1900 1962 1975 BCNSPRNW ULIB Ver.6.0+V

เปลี่ยนเป็นภาษาไทย

Change to English
 แสดงรายละเอียดบรรณานุกรม
  กลับหน้าหลัก

Brief Record : Get Marc (ISO 2709) : E-mail record : QR code < ปิดหน้าต่าง
LEADER : 00000nam 2200000uu 4500
001    13399113193
003     ULIB
008    111003s2553||||th 000 0 tha d
020    9789748354996
050 04 TT890^bศ861ศ 2553
100 0  เศรษฐมันตร์ กาญจนกุล
245 10 ศิลปะอลังการ พนมหมากพนมพลู พนมดอกไม้/^bเศรษฐมันตร์ กาญจนกุล
260    กรุงเทพฯ :^bเศรษฐศิลป์,^c2553
300    80 หน้า :^bภาพประกอบ
650  7 การประดิษฐ์ด้วยใบตอง
945    ^p250^l0^i028882
995    ทศพร
999 ^a ทศพร
รายการนี้ยังไม่มีแท็ก
คุณยังไม่ได้ล็อกอิน คุณสามารถมีกิจกรรมร่วมกับเว็บไซต์ได้ แต่ต้องล็อกอินก่อน ::
  ล็อกอิน

รายการสื่อสารสนเทศ

ลำดับที่ ประเภท เลขเรียก/บาร์โค้ด สถานที่ สถานะ
- ไม่พบข้อมูล -

รายการใกล้เคียง
    หัวเรื่อง [การประดิษฐ์ด้วยใบตอง]

BibComment


ยังไม่เคยถูกคอมเมนท์

คอมเมนท์ทรัพยากรรายการนี้
  คอมเมนท์: ศิลปะอลังการ พนมห..


 Copyright 2026. Bcnsprnw @Library